01636nam a2200265 a 450000100060000000300080000600500170001400800410003103500190007204000410009104100080013208200280014010000610016824502960022926001690052530000730069450201890076750400730095665000440102965000310107370001140110494200130121899900170123195201220124882732BD-RjUL20240123103400.0240123s1991 bg ||||| m||| 00| 0 ben d a(BD-RjUL)82732 aBD-RjULbben / engcBD-RjULdBD-RjUL aben 223a297.60924b1991 SHI aশফিকুল্লাহ, মুহাম্মদ10aইমাম তহাভীর জীবনী এবং হাদীস শাস্ত্রে তাঁর অবদান /cমুহাম্মদ শফিকুল্লাহ ;6তত্ত্বাবধায়ক : মুহাম্মদ মজীবুর রহমান aরাজশাহী :bইসলামিক স্টাডিজ বিভাগ,রাজশাহী বিশ্ববিদ্যালয়,c১৯৯১ a[চৌদ্দ], ৩২৭ পাতা ;c২৯ সেমি. aথিসিস (পিএইচ. ডি.) -- ইসলামিক স্টাডিজ বিভাগ,রাজশাহী বিশ্ববিদ্যালয়, ১৯৯১ aগ্রন্থপঞ্জী : পাতা ২৮৬-৩০০ aইসলামvসংগঠন911036 aIslamvOrganization911037 aরহমান, মুহাম্মদ মজীবুর, তত্ত্বাবধায়ক 911038 2ddccTHE c82732d82732 102ddc40718THESESaRUCLbRUCLcDoc/Thed0000-00-00oBTHE 297.60924 SHI 1991 pD1494r2024-01-23 00:00:00tC-1yTHE